000 00687nam a2200265Ia 4500
003 OSt
005 20220912150954.0
006 a|||||r|||| 00| 0
007 ta
008 220909b |||||||| |||| 00| 0 eng d
024 _a50083
037 _cTextual
040 _aCSL
_beng
_cCSL
041 _aeng
082 _aI:7, K0
100 _aSinnott Edmund W
245 0 _aPlant morphogenesis
260 _aNew York
_b McGraw Hill
_c1960
300 _ax,550p.
_ccm.
490 _aMcGraw Hill publications in the botanical sciences
650 _a Plant growth
650 _aBotany
942 _hI:7, K0
_cTEXL
_2CC
999 _c58560
_d58560